000 01387nam a2200385Ic 4500
001 59381
003 CO-BoRNBP
005 20251007153920.0
007 ta
008 180815s2017 ck a g 000 0 spa
020 _a9789584252630
040 _aCO-BoRNBP
_bspa
_erda
_cCO-BoRNBP
041 _aspa
082 0 4 _a510
_bC73c
100 _aCrilly, Tony
_eaut
_965391
245 1 0 _a50 cosas que hay que saber sobre matemáticas /
_cTony Crilly ; traducción de Enrique Herrando Pérez.
250 _aPrimera edición
264 1 _aBogotá, Colombia :
_bAriel,
_c2017
300 _a218 páginas :
_bilustraciones en blanco y negro
336 _atexto
_btxt
_2rdacontent
337 _asin mediación
_bn
_2rdamedia
338 _avolumen
_bnc
_2rdacarrier
490 0 _a50 cosas
500 _aIncluye datos biográficos del autor en la solapa
500 _aIncluye glosario e índice
521 _aRecomendado para un público mayor de 15 años
534 _t50 mathematical ideas you really need to know
650 0 7 _aJuegos de azar (matemáticas)
_vProblemas, ejercicios, etc.
_2lemb
_965392
650 0 7 _aMatemáticas
_vCuriosidades y enigmas
_2lemb
_965393
650 0 7 _aMatemáticas
_xFundamentos
_2lemb
_965394
650 0 7 _aMatemáticas
_xHistoria
_2lemb
_965395
650 0 7 _aNúmeros imaginarios
_2lemb
_965396
700 _aHerrando Pérez, Enrique
_965397
942 _2ddc
_cBK
999 _c59381
_d59381